Les deux font la paire ! #1 - Statistiques

Statistiques générales
  • Ce quiz a été pris 67 870 fois
    67 713 depuis la dernière actualisation
  • Le résultat moyen est 12 sur 20
Statistiques - réponses
Duos % Correct
{Astérix} et Obélix
100%
Mario et {Luigi}
95%
Roméo et {Juliette}
93%
Adam et {Ève}
92%
Romulus et {Rémus}
84%
{Bigflo} et Oli
83%
Eric et {Ramzy}
73%
Rox et {Rouky}
65%
Laurel et {Hardy}
57%
{Olive} et Tom
55%
{C-3PO} et R2-D2
51%
{Starsky} et Hutch
49%
Tristan et {Yseult}
45%
{Antigua} et Barbuda
44%
Blake et {Mortimer}
37%
Sodome et {Gomorrhe}
37%
{Chapeau} {melon} et bottes de cuir
35%
{Castor} et Pollux
31%
{Ross} et Rachel
24%
{Sonny} and Cher
9%
Aucun quiz correspondant
Distribution des résultats
% des personnes avec chaque résultat
Percentile par nombre de réponses
Votre historique - résultats
Vous n’avez pas pris ce quiz depuis la dernière actualisation